000 00358nam a2200157Ia 4500
003 OSt
008 191201s2011 xx 000 0 und d
082 _a658.15
_bKHF
100 _aKHAN, M.Y.
245 0 _aFinancial Management text Problems & cases
250 _a6TH
260 _aNew Delhi
_bTMH
_c2011
300 _aMISC
650 _aBBA
942 _2ddc
_cBK
999 _c5132
_d5132